MARC

LEADER 00000nam0a2200000 4500
001 253123
005 20231101232819.0
020 |a RU  |b 89-31829 
035 |a (RuTPU)RU\TPU\book\275507 
090 |a 253123 
100 |a 20140311d1988 k a0rusy5003 ca 
101 0 |a rus 
102 |a RU 
105 |a a z 001zy 
200 1 |a Совершенствование технологии электродного производства  |e сборник научных трудов  |f Государственный научно-исследовательский и проектно-конструкторский институт электродной промышленности(ГОСНИИЭП) ; под ред. В. А. Зайцева 
210 |a Москва  |d 1988  |c Изд-во НИИГрафит 
215 |a 142 с.  |c ил. 
320 |a Библиогр. в конце ст. 
606 1 |a Электроды  |x Производство  |2 stltpush  |3 (RuTPU)RU\TPU\subj\32314  |9 45118 
610 1 |a графитовые электроды 
610 1 |a физико-химические процессы 
610 1 |a углеродистые материалы 
610 1 |a технология 
610 1 |a механизация 
610 1 |a сырье 
675 |a 661.666  |z rus  |v 3 
702 1 |a Зайцев  |b В. А.  |4 340 
712 0 2 |a Государственный научно-исследовательский и проектно-конструкторский институт электродной промышленности(ГОСНИИЭП)  |2 stltpush  |3 (RuTPU)RU\TPU\col\18302 
801 0 |a RU  |b RuMRKP  |c 19960704  |g psbo 
801 1 |a RU  |b 63413507  |c 20140311 
801 2 |a RU  |b 63413507  |c 20170216  |g RCR 
942 |c BK